[Event "Bogota McGregor op 1st"]
[Site "Bogota"]
[Date "2010.12.04"]
[Round "3"]
[White "Zamora, Sammy"]
[Black "Tiviakov, Sergei"]
[Result "0-1"]
[WhiteElo "2152"]
[BlackElo "2621"]
[PlyCount "76"]
[EventDate "2010.12.03"]
[EventType "swiss"]
[EventRounds "10"]
[EventCountry "COL"]
[SourceTitle "CBM 139 Extra"]
[Source "ChessBase"]
[SourceDate "2011.01.05"]
[SourceVersion "1"]
[SourceVersionDate "2011.01.05"]
[SourceQuality "1"]

1. d4 Nf6 2. c4 e6 3. Nf3 b6 4. Nc3 Bb4 5. Qc2 Bb7 6. Bg5 0-0 7. e3 d6 8. Bd3 h6 9. Bxf6 Qxf6 10. Be2 Nd7 11. 0-0 Bxc3 12. Qxc3 e5 13. Rac1 a5 14. b3 Qg6 15. Nh4 Qf6 16. Nf3 Rfe8 17. Rfe1 Qe7 18. a3 f5 19. d5 Qf7 20. Nd2 Nf6 21. Rcd1 g5 22. Qc2 Bc8 23. b4 Bd7 24. Ra1 Kg7 25. Qb2 g4 26. Bd1 h5 27. Bc2 h4 28. b5 Qh5 29. Bd1 Qg6 30. Nf1 Rh8 31. Bc2 Kf7 32. Qc3 Qg5 33. e4 fxe4 34. Bxe4 Kg7 35. Qe3 Nxe4 36. Qxe4 Raf8 37. Qe3 Qg6 38. Rac1 h3 0-1

[Event "COL-chT"]
[Site "Bogota"]
[Date "2010.10.18"]
[Round "7.6"]
[White "Quintero, Raul"]
[Black "Zamora, Sammy"]
[Result "1/2-1/2"]
[WhiteElo "2056"]
[BlackElo "2166"]
[PlyCount "63"]
[EventDate "2010.10.15"]
[EventType "swiss"]
[EventRounds "7"]
[EventCountry "COL"]
[SourceTitle "EXT 2024"]
[Source "ChessBase"]
[SourceDate "2023.10.10"]
[SourceVersion "1"]
[SourceVersionDate "2023.10.10"]
[SourceQuality "1"]

1. Nf3 d5 2. b3 Nf6 3. Bb2 c5 4. e3 e6 5. Bb5+ Bd7 6. Be2 Nc6 7. 0-0 Be7 8. d3 0-0 9. Nbd2 Qc7 10. c4 Rfd8 11. a3 Rac8 12. Qc2 Be8 13. Rac1 e5 14. cxd5 Nxd5 15. Rfd1 b6 16. Qb1 Qb8 17. Qa1 f6 18. d4 exd4 19. exd4 Bf7 20. g3 cxd4 21. Nxd4 Nxd4 22. Bxd4 Rxc1 23. Rxc1 Qd6 24. Nc4 Qd7 25. Rd1 Qh3 26. Bf1 Qg4 27. h3 Qf3 28. Rd3 Qf5 29. Qd1 Qc8 30. Bg2 Nc7 31. Bb2 Rxd3 32. Qxd3 1/2-1/2

[Event "OP-2010-0-01277"]
[Site "LSS email"]
[Date "2010.09.30"]
[Round "?"]
[White "Oberlaender, Rolf"]
[Black "Zamora, Sammy"]
[Result "1-0"]
[WhiteElo "704"]
[BlackElo "1842"]
[PlyCount "27"]
[EventDate "2010.09.27"]
[EventType "tourn (corr)"]
[EventRounds "4"]
[EventCountry "GER"]
[SourceTitle "Corr 2015"]
[Source "ChessBase"]
[SourceDate "2015.07.17"]
[SourceVersion "1"]
[SourceVersionDate "2015.07.17"]
[SourceQuality "1"]

1. e4 c5 2. d4 cxd4 3. c3 dxc3 4. Nxc3 e6 5. Nf3 d6 6. Bc4 Be7 7. 0-0 a6 8. Qe2 Qc7 9. Rd1 Nc6 10. a3 Nf6 11. b4 0-0 12. Bf4 Ne5 13. Nxe5 dxe5 14. Be3 1-0

[Event "Bogota Torneo Distrital op"]
[Site "Bogota"]
[Date "2010.05.16"]
[Round "4.12"]
[White "Zamora, Sammy"]
[Black "Quintero, Raul"]
[Result "1-0"]
[WhiteElo "1790"]
[BlackElo "2083"]
[PlyCount "69"]
[EventDate "2010.05.14"]
[EventType "swiss"]
[EventRounds "7"]
[EventCountry "COL"]
[SourceTitle "EXT 2024"]
[Source "ChessBase"]
[SourceDate "2023.10.10"]
[SourceVersion "1"]
[SourceVersionDate "2023.10.10"]
[SourceQuality "1"]

1. d4 Nf6 2. c4 e6 3. Nc3 Bb4 4. Qc2 c5 5. e3 0-0 6. Bd3 b6 7. a3 Bxc3+ 8. Qxc3 Bb7 9. f3 d6 10. Nh3 Nbd7 11. b4 Re8 12. 0-0 Rc8 13. Bb2 d5 14. dxc5 bxc5 15. b5 Re7 16. Rfe1 Ne8 17. Rad1 f6 18. Qc2 Nf8 19. a4 Qc7 20. Ba3 Rd7 21. Nf2 d4 22. exd4 Rxd4 23. Bb2 Rh4 24. h3 Qg3 25. Be4 Rc7 26. Bxb7 Rxb7 27. Ne4 Qg6 28. Re2 Rc7 29. a5 f5 30. Nf2 Qg3 31. Be5 f4 32. Bxc7 Nxc7 33. b6 axb6 34. axb6 Na6 35. Qa4 1-0

[Event "IECC CL2-2005.08 email"]
[Site "IECC email"]
[Date "2005.07.07"]
[Round "?"]
[White "Zamora, Sammy"]
[Black "Phillips, Gordon"]
[Result "1/2-1/2"]
[WhiteElo "1978"]
[BlackElo "2081"]
[PlyCount "50"]
[EventDate "2005.??.??"]
[EventType "tourn (corr)"]
[EventRounds "4"]
[SourceTitle "Corr 2015"]
[Source "ChessBase"]
[SourceDate "2015.07.17"]
[SourceVersion "1"]
[SourceVersionDate "2015.07.17"]
[SourceQuality "1"]
[WhiteTeam "Colombia"]
[BlackTeam "Germany"]
[WhiteTeamCountry "COL"]
[BlackTeamCountry "GER"]

1. d4 Nf6 2. c4 g6 3. Nc3 Bg7 4. e4 d6 5. f3 0-0 6. Be3 Nc6 7. Nge2 a6 8. Qd2 Rb8 9. Rc1 Bd7 10. Nd1 b6 11. Nf2 e6 12. g3 Ne7 13. Bg2 b5 14. c5 b4 15. 0-0 Bb5 16. Nd3 Nd7 17. cxd6 cxd6 18. b3 d5 19. Rfe1 Qb6 20. Kh1 a5 21. Nc5 Rbc8 22. Bg5 Rfe8 23. Nxd7 Bxd7 24. Rxc8 Bxc8 25. e5 Ba6 1/2-1/2

[Event "IECG CB.2004.0.00119 email"]
[Site "IECG email"]
[Date "2004.08.03"]
[Round "?"]
[White "Puleston, Tim O"]
[Black "Zamora, Sammy"]
[Result "0-1"]
[WhiteElo "1809"]
[BlackElo "1840"]
[PlyCount "41"]
[EventDate "2004.03.24"]
[EventType "tourn (corr)"]
[EventRounds "6"]
[SourceTitle "Corr 2008"]
[Source "ChessBase"]
[SourceDate "2008.06.24"]
[SourceVersion "1"]
[SourceVersionDate "2008.06.24"]
[SourceQuality "1"]

1. e4 e5 2. Nf3 Nc6 3. Bc4 Nf6 4. Ng5 d5 5. exd5 Na5 6. Bb5+ c6 7. dxc6 bxc6 8. Qf3 h6 9. Ne4 Nd5 10. Ba4 Nb6 11. Nbc3 Nxa4 12. Nxa4 Be7 13. 0-0 0-0 14. d3 f5 15. Nec5 Qd5 16. Qe3 f4 17. Qe4 Nb7 18. Qxd5+ cxd5 19. Nxb7 Bxb7 20. Re1 Bc6 21. Nc3 0-1

[Event "IECG CB.2004.0.00119 email"]
[Site "IECG email"]
[Date "2004.08.03"]
[Round "?"]
[White "Zamora, Sammy"]
[Black "Pecotic, Kuzma"]
[Result "0-1"]
[WhiteElo "1840"]
[BlackElo "1894"]
[PlyCount "58"]
[EventDate "2004.03.24"]
[EventType "tourn (corr)"]
[EventRounds "6"]
[SourceTitle "Corr 2008"]
[Source "ChessBase"]
[SourceDate "2008.06.24"]
[SourceVersion "1"]
[SourceVersionDate "2008.06.24"]
[SourceQuality "1"]

1. e4 e5 2. Nf3 Nc6 3. Bb5 a6 4. Ba4 Nf6 5. 0-0 Nxe4 6. d4 b5 7. Bb3 d5 8. dxe5 Be6 9. c3 Bc5 10. Nbd2 0-0 11. Bc2 Nxf2 12. Rxf2 f6 13. Nf1 Bxf2+ 14. Kxf2 fxe5 15. Kg1 Qd6 16. a4 b4 17. Be3 bxc3 18. bxc3 Ne7 19. Ng3 Bg4 20. Bg5 Rae8 21. Qd2 Bxf3 22. gxf3 Rxf3 23. Re1 Ng6 24. Bd1 Rf7 25. Bh5 Ref8 26. Bxg6 hxg6 27. Rf1 Rxf1+ 28. Nxf1 c6 29. Qd3 Qa3 0-1

[Event "IECG CB.2004.0.00119 email"]
[Site "IECG email"]
[Date "2004.08.03"]
[Round "?"]
[White "Zamora, Sammy"]
[Black "Sveinsson, Jon Arni"]
[Result "1-0"]
[WhiteElo "1840"]
[BlackElo "1966"]
[PlyCount "99"]
[EventDate "2004.03.24"]
[EventType "tourn (corr)"]
[EventRounds "6"]
[SourceTitle "Corr 2008"]
[Source "ChessBase"]
[SourceDate "2008.06.24"]
[SourceVersion "1"]
[SourceVersionDate "2008.06.24"]
[SourceQuality "1"]

1. d4 Nf6 2. c4 g6 3. Nc3 d5 4. cxd5 Nxd5 5. e4 Nxc3 6. bxc3 c5 7. Bc4 Bg7 8. Ne2 0-0 9. 0-0 Nc6 10. Be3 Bg4 11. f3 Na5 12. Bd3 cxd4 13. cxd4 Be6 14. Qa4 a6 15. Qb4 b5 16. Rfd1 Rb8 17. Kh1 Rc8 18. Rac1 Rxc1 19. Nxc1 Nc4 20. Bf2 Qd6 21. Qxd6 exd6 22. d5 Bd7 23. Bg3 Nb2 24. Re1 Bh6 25. Be2 Rc8 26. Nd3 Bd2 27. Rb1 Nc4 28. Rd1 Be3 29. Nb4 a5 30. Nc2 Bb6 31. Ne1 f5 32. Bxc4 bxc4 33. Bxd6 Ba4 34. Rb1 Be3 35. e5 c3 36. e6 c2 37. Nxc2 Bxc2 38. Rb8 Rxb8 39. Bxb8 Bb1 40. d6 Bxa2 41. d7 Bg5 42. Bc7 Bxe6 43. d8Q+ Bxd8 44. Bxd8 a4 45. Be7 Kf7 46. Bd6 Bc8 47. Kg1 Ke6 48. Ba3 Kd5 49. Kf2 Kc4 50. Bb2 1-0

[Event "IECG QB.2004.0.00056"]
[Site "IECG email"]
[Date "2004.08.01"]
[Round "?"]
[White "Noble, Mark Frederick"]
[Black "Zamora, Sammy"]
[Result "1/2-1/2"]
[WhiteElo "1887"]
[BlackElo "1840"]
[PlyCount "61"]
[EventDate "2004.08.01"]
[EventType "tourn (corr)"]
[EventRounds "6"]
[SourceTitle "Corr 2008"]
[Source "ChessBase"]
[SourceDate "2008.06.24"]
[SourceVersion "1"]
[SourceVersionDate "2008.06.24"]
[SourceQuality "1"]

1. d4 d5 2. c4 c6 3. Nf3 Nf6 4. Nc3 e6 5. e3 Nbd7 6. Bd3 dxc4 7. Bxc4 b5 8. Bd3 Bb7 9. 0-0 a6 10. e4 c5 11. d5 Qc7 12. dxe6 fxe6 13. Bc2 Bd6 14. Ng5 Nf8 15. f4 0-0-0 16. Qe2 e5 17. f5 h6 18. Nf3 Kb8 19. Kh1 c4 20. Be3 N8d7 21. Bf2 Rhg8 22. Rad1 Nc5 23. Nh4 Qc6 24. Nd5 Ncxe4 25. Bxe4 Nxe4 26. Bb6 Nc5 27. Bxd8 Rxd8 28. Nb4 Qe4 29. Qf2 Qf4 30. Qe1 Qe4 31. Qf2 1/2-1/2

[Event "IECG CB.2003.0.00098 email"]
[Site "IECG email"]
[Date "2003.11.02"]
[Round "?"]
[White "Zamora, Sammy"]
[Black "Bozilov, Novica"]
[Result "1-0"]
[WhiteElo "1850"]
[BlackElo "1849"]
[PlyCount "26"]
[EventDate "2003.11.02"]
[EventType "tourn (corr)"]
[EventRounds "6"]
[SourceTitle "Corr 2008"]
[Source "ChessBase"]
[SourceDate "2008.06.24"]
[SourceVersion "1"]
[SourceVersionDate "2008.06.24"]
[SourceQuality "1"]

1. d4 e5 2. dxe5 Nc6 3. Nf3 d6 4. Bf4 dxe5 5. Qxd8+ Nxd8 6. Bxe5 c6 7. Nbd2 f6 8. Bc3 Bd6 9. 0-0-0 Nf7 10. e3 b5 11. Ne4 Bc7 12. Nd4 Ne7 13. Nc5 Nd8 1-0

[Event "IECC CL3-2003.24 email"]
[Site "IECC email"]
[Date "2003.10.27"]
[Round "?"]
[White "Zamora, Sammy"]
[Black "Sanchez Martinez, Ramon"]
[Result "1-0"]
[WhiteElo "1961"]
[BlackElo "1854"]
[PlyCount "45"]
[EventDate "2003.??.??"]
[EventType "tourn (corr)"]
[EventRounds "4"]
[SourceTitle "Corr 2008"]
[Source "ChessBase"]
[SourceDate "2008.06.24"]
[SourceVersion "1"]
[SourceVersionDate "2008.06.24"]
[SourceQuality "1"]

1. d4 Nf6 2. c4 g6 3. Nc3 d5 4. Nf3 Bg7 5. Qb3 c6 6. Bf4 0-0 7. e3 b6 8. Rc1 Bb7 9. cxd5 cxd5 10. Be2 Nc6 11. 0-0 Na5 12. Qa4 Bc6 13. Qb4 h5 14. Ne5 Bb7 15. Nb5 Ne4 16. f3 Nf6 17. Bg5 Re8 18. Bd3 Nh7 19. Bh4 Ba6 20. Rfd1 Bh6 21. f4 Bxb5 22. Bxb5 Qd6 23. Nc6 1-0

[Event "IECC KO-3021"]
[Site "IECC email"]
[Date "2003.10.23"]
[Round "?"]
[White "Zamora, Sammy"]
[Black "Hoefer, Hans Peter"]
[Result "1/2-1/2"]
[WhiteElo "1977"]
[BlackElo "1969"]
[PlyCount "57"]
[EventDate "2003.??.??"]
[EventType "match (corr)"]
[EventRounds "2"]
[SourceTitle "Corr 2020"]
[Source "ChessBase"]
[SourceDate "2019.09.30"]
[SourceVersion "1"]
[SourceVersionDate "2019.09.30"]
[SourceQuality "1"]
[WhiteTeam "Colombia"]
[BlackTeam "Germany"]
[WhiteTeamCountry "COL"]
[BlackTeamCountry "GER"]

1. e4 e5 2. Nf3 Nc6 3. Bb5 a6 4. Ba4 Nf6 5. 0-0 Be7 6. Re1 b5 7. Bb3 0-0 8. c3 d6 9. h3 Na5 10. Bc2 c5 11. d4 Qc7 12. Nbd2 cxd4 13. cxd4 Bb7 14. Nf1 Rac8 15. Bd3 exd4 16. Nxd4 d5 17. exd5 Nxd5 18. Nf5 Bf6 19. Nh2 Rfe8 20. Ng4 Nc4 21. Nxf6+ Nxf6 22. a4 Ne5 23. Bf4 Rcd8 24. Bxe5 Rxe5 25. Qc2 Rxe1+ 26. Rxe1 Qxc2 27. Bxc2 bxa4 28. Bxa4 Kf8 29. Rd1 1/2-1/2

[Event "IECG CB.2002.0.00063 email"]
[Site "IECG email"]
[Date "2003.09.18"]
[Round "?"]
[White "Zamora, Sammy"]
[Black "Peetoom, Frank F"]
[Result "1/2-1/2"]
[WhiteElo "1850"]
[BlackElo "1945"]
[PlyCount "88"]
[EventDate "2002.12.15"]
[EventType "tourn (corr)"]
[EventRounds "6"]
[SourceTitle "Corr 2008"]
[Source "ChessBase"]
[SourceDate "2008.06.24"]
[SourceVersion "1"]
[SourceVersionDate "2008.06.24"]
[SourceQuality "1"]

1. e4 e5 2. Nf3 Nc6 3. Bb5 a6 4. Ba4 Nf6 5. 0-0 b5 6. Bb3 Bb7 7. Re1 Bc5 8. c3 d6 9. d4 Bb6 10. Be3 0-0 11. Nbd2 h6 12. h3 exd4 13. cxd4 Ne7 14. Qb1 c5 15. e5 dxe5 16. dxc5 Ba5 17. Rd1 Qc7 18. Bc2 Nfd5 19. Nb3 Nxe3 20. fxe3 Bxf3 21. gxf3 Bb4 22. Bh7+ Kh8 23. Qe4 a5 24. a3 Bxc5 25. Rdc1 f5 26. Bxf5 Bxe3+ 27. Qxe3 Nxf5 28. Qxh6+ Nxh6 29. Rxc7 Rxf3 30. Nc5 Rxh3 31. Re1 Rg3+ 32. Kf2 Rg5 33. Ke3 Nf5+ 34. Ke4 Nd6+ 35. Kd5 Ne8 36. Re7 e4+ 37. Kc6 Rc8+ 38. Kb6 Rgxc5 39. Rxe8+ Rxe8 40. Kxc5 Re5+ 41. Kd6 Rf5 42. Rxe4 a4 43. Rb4 Kh7 44. Ke6 g6 1/2-1/2

[Event "IECG CB.2002.0.00063 email"]
[Site "IECG email"]
[Date "2003.09.16"]
[Round "?"]
[White "Powles, Jonathan"]
[Black "Zamora, Sammy"]
[Result "0-1"]
[WhiteElo "1829"]
[BlackElo "1850"]
[PlyCount "70"]
[EventDate "2002.12.15"]
[EventType "tourn (corr)"]
[EventRounds "6"]
[SourceTitle "Corr 2008"]
[Source "ChessBase"]
[SourceDate "2008.06.24"]
[SourceVersion "1"]
[SourceVersionDate "2008.06.24"]
[SourceQuality "1"]

1. e4 e5 2. Nf3 Nf6 3. Nxe5 d6 4. Nf3 Nxe4 5. d4 d5 6. Bd3 Nc6 7. 0-0 Be7 8. c4 Nb4 9. Be2 0-0 10. Nc3 Bf5 11. a3 Nxc3 12. bxc3 Nc6 13. Re1 Bf6 14. Bf4 Rc8 15. Bd3 Bxd3 16. Qxd3 dxc4 17. Qxc4 Ne7 18. Rab1 b6 19. Qa6 Qd7 20. Rb5 Nd5 21. Bd2 c5 22. c4 Nc7 23. Qxa7 Ra8 24. Qxb6 Nxb5 25. Qxb5 Qxb5 26. cxb5 cxd4 27. Bf4 Rxa3 28. b6 Rb3 29. Bc7 d3 30. h3 h6 31. Nd2 Rb5 32. Rd1 Bd8 33. Ne4 Bxc7 34. bxc7 Rd5 35. Kf1 Rc8 0-1

[Event "IECC Swiss email"]
[Site "IECC email"]
[Date "2002.11.01"]
[Round "?"]
[White "Zamora, Sammy"]
[Black "Jordaan, Wayne"]
[Result "1-0"]
[WhiteElo "1911"]
[BlackElo "1654"]
[PlyCount "111"]
[EventDate "2002.??.??"]
[EventType "tourn (corr)"]
[EventRounds "6"]
[SourceTitle "Corr 2008"]
[Source "ChessBase"]
[SourceDate "2008.06.24"]
[SourceVersion "1"]
[SourceVersionDate "2008.06.24"]
[SourceQuality "1"]

1. e4 c5 2. Nf3 d6 3. d4 cxd4 4. Nxd4 Nf6 5. Nc3 b6 6. Bg5 e6 7. Qf3 Bb7 8. Bb5+ Nbd7 9. 0-0-0 Be7 10. Nc6 Bxc6 11. Bxc6 Rc8 12. e5 Nd5 13. Bxe7 Nxe7 14. Bxd7+ Qxd7 15. Rxd6 Qc7 16. Qe4 0-0 17. Rhd1 Qc5 18. f4 b5 19. Qd4 b4 20. Qxc5 Rxc5 21. Rd7 bxc3 22. Rxe7 cxb2+ 23. Kxb2 a5 24. Rb7 Rfc8 25. Rd2 g5 26. fxg5 Rxe5 27. h4 Rec5 28. Rf2 R8c7 29. Rxc7 Rxc7 30. Rf4 Rb7+ 31. Kc3 Kg7 32. Ra4 Rb5 33. Kd3 Rd5+ 34. Rd4 Rf5 35. c4 Kg6 36. a4 Kg7 37. Rd8 Rf1 38. Ra8 Rd1+ 39. Kc3 Rc1+ 40. Kd4 Rg1 41. Rxa5 Rxg2 42. c5 Rg4+ 43. Kd3 Rg1 44. c6 Rc1 45. Ra6 Kg6 46. Rb6 Rd1+ 47. Kc4 Rc1+ 48. Kb5 f5 49. gxf6 Kxf6 50. a5 Ke7 51. Ka6 e5 52. Kb7 e4 53. a6 e3 54. Rb2 Kd6 55. a7 Ra1 56. a8Q 1-0

[Event "IECC O email"]
[Site "IECC email"]
[Date "2002.10.30"]
[Round "?"]
[White "Zamora, Sammy"]
[Black "Yuey, William"]
[Result "1/2-1/2"]
[WhiteElo "1870"]
[BlackElo "1848"]
[PlyCount "38"]
[EventDate "2002.??.??"]
[EventType "tourn (corr)"]
[EventRounds "6"]
[SourceTitle "Corr 2008"]
[Source "ChessBase"]
[SourceDate "2008.06.24"]
[SourceVersion "1"]
[SourceVersionDate "2008.06.24"]
[SourceQuality "1"]

1. e4 Nf6 2. e5 Nd5 3. d4 d6 4. Nf3 Bg4 5. Be2 c6 6. 0-0 Bxf3 7. Bxf3 dxe5 8. dxe5 e6 9. Qe2 Nd7 10. Rd1 Qc7 11. Re1 Bc5 12. c3 0-0 13. Nd2 a5 14. Qe4 Rac8 15. Nb3 Bb6 16. a4 Ba7 17. c4 Ne7 18. Bd2 Nc5 19. Nxc5 Bxc5 1/2-1/2

[Event "IECC TH-M email"]
[Site "IECC email"]
[Date "2002.10.21"]
[Round "?"]
[White "Wong, Victor"]
[Black "Zamora, Sammy"]
[Result "1-0"]
[WhiteElo "1939"]
[BlackElo "1909"]
[PlyCount "65"]
[EventDate "2002.??.??"]
[EventType "match (corr)"]
[EventRounds "2"]
[SourceTitle "Corr 2008"]
[Source "ChessBase"]
[SourceDate "2008.06.24"]
[SourceVersion "1"]
[SourceVersionDate "2008.06.24"]
[SourceQuality "1"]

1. e4 d5 2. exd5 Nf6 3. d4 Bg4 4. Nf3 Qxd5 5. Be2 e6 6. h3 Bh5 7. 0-0 Be7 8. c4 Qd8 9. Qb3 Qc8 10. Nc3 0-0 11. Rd1 Nc6 12. Bf4 Bd6 13. Bg5 Nd7 14. Ne4 Re8 15. Be3 a6 16. Rac1 Be7 17. d5 Nd8 18. c5 exd5 19. Qxd5 Bxf3 20. Bxf3 Nf6 21. Nxf6+ Bxf6 22. Rc2 c6 23. Qb3 Qe6 24. Rc4 Be5 25. Re1 f6 26. Be4 Qf7 27. Qc2 g6 28. Bd3 Ne6 29. Re4 Qd7 30. Bc4 Kg7 31. Rd1 Qc8 32. f4 Bc7 33. Qc3 1-0

[Event "IECG CB.2002.0.00063 email"]
[Site "IECG email"]
[Date "2002.10.16"]
[Round "?"]
[White "Lehnhoff, Heinz Georg"]
[Black "Zamora, Sammy"]
[Result "1-0"]
[WhiteElo "1900"]
[BlackElo "1850"]
[PlyCount "79"]
[EventDate "2002.12.15"]
[EventType "tourn (corr)"]
[EventRounds "6"]
[SourceTitle "Corr 2008"]
[Source "ChessBase"]
[SourceDate "2008.06.24"]
[SourceVersion "1"]
[SourceVersionDate "2008.06.24"]
[SourceQuality "1"]

1. d4 Nf6 2. c4 g6 3. Nc3 Bg7 4. e4 d6 5. f3 0-0 6. Be3 c5 7. Nge2 Nc6 8. d5 Ne5 9. Ng3 e6 10. Be2 exd5 11. cxd5 h5 12. 0-0 Nh7 13. Qd2 Re8 14. Rfe1 a6 15. a4 h4 16. Nh1 h3 17. Nf2 hxg2 18. Bf4 g5 19. Bg3 Nf8 20. Kxg2 Nfg6 21. Rg1 Qf6 22. a5 Bh6 23. Qc2 Nf4+ 24. Bxf4 Qxf4 25. Na4 b5 26. axb6 Qh4 27. Nc3 Ng6 28. Bb5 Re7 29. Kh1 Bg7 30. Nd3 Bd4 31. Rg3 Rb8 32. Bxa6 Ra8 33. Nb5 Rxa6 34. Ra3 Rxa3 35. bxa3 Ba6 36. Nxd4 cxd4 37. Nb4 d3 38. Nxd3 f5 39. Nb4 Ra7 40. Qf2 1-0

[Event "IECC CL3-2002.33"]
[Site "IECC email"]
[Date "2002.09.29"]
[Round "?"]
[White "Junaidi, Barlian"]
[Black "Zamora, Sammy"]
[Result "0-1"]
[WhiteElo "1889"]
[BlackElo "1869"]
[PlyCount "56"]
[EventDate "2002.??.??"]
[EventType "tourn (corr)"]
[EventRounds "4"]
[SourceTitle "Corr 2008"]
[Source "ChessBase"]
[SourceDate "2008.06.24"]
[SourceVersion "1"]
[SourceVersionDate "2008.06.24"]
[SourceQuality "1"]

1. c4 Nf6 2. g3 c6 3. Bg2 e5 4. Nc3 d5 5. cxd5 cxd5 6. d4 exd4 7. Qxd4 Be6 8. Nf3 Nc6 9. Qa4 Bc5 10. 0-0 0-0 11. Bg5 h6 12. Qb5 hxg5 13. Qxc5 d4 14. Nb5 Qa5 15. Rfc1 Ne4 16. Qc2 Qxb5 17. Qxe4 Rad8 18. a4 Qd5 19. Qd3 g4 20. Nd2 Qg5 21. Ne4 Qe7 22. Qb5 d3 23. e3 a6 24. Qb6 Bd5 25. Nd2 Bxg2 26. Kxg2 Rd6 27. Ra3 Nd4 28. Qb4 Nc2 0-1